000 00991nam a2200193 i 4500
001 75245
003 ES-MaACL
005 20230906172401.0
007 t|
008 040923m19101922fr ||||1| fre d
100 1 _aGrall, Charles.
_959535
245 1 0 _aTraité de pathologie exotique, clinique et thérapeutique /
_cpublié sous la direction de Charles Grall, A. Clarac.
260 _aParis :
_bJ.B. Baillière,
_c1910-1922 (
_ePoitiers :
_fBlais et Roy)
300 _a7 v. :
_bil. ;
_c25 cm.
505 8 _aContiene: T.I: Paludisme. -- T.II: Parapaludisme et fièvres des pays chauds. -- T.III: Dengue, fièvre jaune, choléra, maladie du sommeil. -- T.IV: Diarrées, dysenteries, hépatite endemique, abcès du foie. -- T.V: Intoxications et empoisonnements, béribéri. -- T.VI: Maladies parasitaires : peste. -- T.VII: Maladies de la peau : lèpre, syphilis, vaccination
650 4 _aEnfermedades tropicales.
_9155580
700 1 _aClarac, A.
_938994
852 _aES-MaACL
_jE-1330-36
999 _c75245
_d75245